000 00673nam a22001937a 4500
008 160920b xxu||||| |||| 00| 0 eng d
020 _a0071393072
082 _22003
_aDC 621.31924
_bN22e
100 _914989
_aNahvi, Mahmood
245 _aSchaum's outlines of theory and problems of electric circuits/
_cMahmood Nahvi and Joseph A. Edminister.
250 _a4th edition
260 _aBoston:
_bMcGraw-Hill,
_cc2003.
300 _aix, 469 pages:
_billustrations;
_c27 cm.
500 _aIncludes index.
650 0 _914990
_aElectric circuits
_xProblems, exercises, etc.
700 _914996
_aEdminister, Joseph A.
_eAuthor
365 _b395.00
_cPhp
942 _2ddc
_cDC
999 _c4714
_d4714